History of the Philippines based on primary sources / (Record no. 7964)
[ view plain ]
| 000 -LEADER | |
|---|---|
| fixed length control field | 00737nam a22002177a 4500 |
| 003 - CONTROL NUMBER IDENTIFIER | |
| control field | OSt |
| 005 - DATE AND TIME OF LATEST TRANSACTION | |
| control field | 20260129052043.0 |
| 008 - FIXED-LENGTH DATA ELEMENTS--GENERAL INFORMATION | |
| fixed length control field | 260129b |||||||| |||| 00| 0 eng d |
| 020 ## - INTERNATIONAL STANDARD BOOK NUMBER | |
| International Standard Book Number | 9789710734610 |
| 040 ## - CATALOGING SOURCE | |
| Original cataloging agency | DWCL - Main Lib. |
| Transcribing agency | OC |
| 082 ## - DEWEY DECIMAL CLASSIFICATION NUMBER | |
| Classification number | Fil. 959.9 H6739 2020 |
| 100 ## - MAIN ENTRY--PERSONAL NAME | |
| Personal name | Columbres, Antonio B. |
| Relator term | Author |
| 245 ## - TITLE STATEMENT | |
| Title | History of the Philippines based on primary sources / |
| Statement of responsibility, etc. | Antonio B. Columbres [and three others] |
| 260 ## - PUBLICATION, DISTRIBUTION, ETC. | |
| Place of publication, distribution, etc. | Quezon City, Philippines: |
| Name of publisher, distributor, etc. | Vibal Group, |
| Date of publication, distribution, etc. | c2020. |
| 300 ## - PHYSICAL DESCRIPTION | |
| Extent | xii, 468 pages: |
| Other physical details | illustration; |
| Dimensions | 25cm |
| 650 ## - SUBJECT ADDED ENTRY--TOPICAL TERM | |
| Topical term or geographic name entry element | 1. History of the Philippines. |
| 700 ## - ADDED ENTRY--PERSONAL NAME | |
| Personal name | I. Ferrer, Felipe |
| 700 ## - ADDED ENTRY--PERSONAL NAME | |
| Personal name | II. Hernandez, Pia |
| 700 ## - ADDED ENTRY--PERSONAL NAME | |
| Personal name | III. Labucay, Cerilo |
| 942 ## - ADDED ENTRY ELEMENTS (KOHA) | |
| Source of classification or shelving scheme | Dewey Decimal Classification |
| Koha item type | Book-Filipiniana |
| Classification part | Fil. |
| Suppress in OPAC | No |
| 952 ## - LOCATION AND ITEM INFORMATION (KOHA) | |
| -- | |
| Withdrawn status | Lost status | Source of classification or shelving scheme | Damaged status | Not for loan | Home library | Current library | Date acquired | Total Checkouts | Full call number | Barcode | Date last seen | Copy number | Price effective from | Koha item type | Uniform Resource Identifier |
|---|---|---|---|---|---|---|---|---|---|---|---|---|---|---|---|
| Dewey Decimal Classification | Junior High School Library | Junior High School Library | 01/29/2026 | Fil. 959.9 H6739 2020 | JHS - 20923 | 01/29/2026 | c1 | 01/29/2026 | BK - FIL |